logo

Bir Sreshtho Munshi Abdur Rouf Library
Jhenaidah Cadet College

The Most Common Mistakes in English Pronunciation / (Record no. 5016)

MARC details
000 -LEADER
fixed length control field 00581nam a2200217 a 4500
001 - CONTROL NUMBER
JCCL Control Number 5016
003 - CONTROL NUMBER IDENTIFIER
JCCL marc code BD-JhCC
005 - DATE AND TIME OF LATEST TRANSACTION
control field 20171206200451.0
008 - FIXED-LENGTH DATA ELEMENTS--GENERAL INFORMATION
fixed length control field 171206s19861991xxu |||| || | 000 0 eng d
035 ## - SYSTEM CONTROL NUMBER
system control number (BD-JhCC)5016
040 ## - CATALOGING SOURCE
Original cataloging agency BD-JhCC
Modifying agency BD-JhCC
041 ## - LANGUAGE CODE
Language code of Book eng
082 ## - DEWEY DECIMAL CLASSIFICATION NUMBER
Classification number 428.3
Author mark and Year BAS 1991
100 ## - MAIN ENTRY--PERSONAL NAME
Personal name Bashiruddin, Mohammad
245 ## - TITLE STATEMENT
Title The Most Common Mistakes in English Pronunciation /
Statement of responsibility, etc Mohammad Bashiruddin,
260 ## - PUBLICATION, DISTRIBUTION, ETC. (IMPRINT)
Place of publication, distribution, etc Dhaka :
Name of publisher, distributor, etc Hakkani Publishers,
Date of publication, distribution, etc 1991
300 ## - PHYSICAL DESCRIPTION
Pagination 86 p. :
Dimensions 22 cm.
650 ## - SUBJECT ADDED ENTRY--TOPICAL TERM
Topical term or geographic name as entry element English Language
942 ## - ADDED ENTRY ELEMENTS (KOHA)
Source of classification or shelving scheme Dewey Decimal Classification
Koha item type Books
Holdings
Source of classification or shelving scheme Damaged status Not for loan Home library Current library Shelving location Date of accession Cost, normal purchase price Total Checkouts Full call number Barcode Date last seen Copy number Koha item type
Dewey Decimal Classification     JCC Rouf Library JCC Rouf Library General Stacks 12/06/2017 50.00   428.3 BAS 1991 7000 12/06/2017 C- 1 Books
Dewey Decimal Classification     JCC Rouf Library JCC Rouf Library General Stacks 12/06/2017 50.00   428.3 BAS 1991 6999 12/06/2017 C- 2 Books
Dewey Decimal Classification     JCC Rouf Library JCC Rouf Library General Stacks 03/03/2018 50.00   428.3 BAS 1991 11627 03/03/2018 C-3 Books

JCC Library | Contacts | JCC Home

Last Update on 23 September 2017
Copyright @ 2017-2020 JCC Rouf Library
Rouf Library, Jhenidah Cadet College (JCC), Bangladesh